[Event "Biel Master Tournament 2019"]
[Site "Biel"]
[Date "2019.07.23"]
[Round "2.15"]
[White "Lalith Babu M R"]
[Black "Karavade, Eesha"]
[Result "1/2-1/2"]
[WhiteElo "2580"]
[BlackElo "2355"]
[Annotator "ChessBase"]
[PlyCount "74"]
[EventDate "2019.07.20"]
[EventType "swiss"]
[EventCountry "SUI"]
[TimeControl "40/5400+30:1800+30"]

1. c4 {[%emt 0:00:00]} Nf6 {[%emt 0:01:13]} 2. Nf3 {[%emt 0:00:00]} e6 {[%emt 0:00:39]} 3. g3 {[%emt 0:00:00]} d5 {[%emt 0:00:15]} 4. Bg2 {[%emt 0:00:01]} dxc4 {[%emt 0:03:13]} 5. O-O {[%emt 0:00:07]} Nbd7 {[%emt 0:02:09]} 6. Qc2 {[%emt 0:00:29]} a6 {[%emt 0:05:28]} 7. a4 {[%emt 0:01:44]} Rb8 {[%emt 0:02:13]} 8. Qxc4 {[%emt 0:00:39]} b5 {[%emt 0:09:05]} 9. Qc2 {[%emt 0:00:07]} Bb7 {[%emt 0:03:24]} 10. d3 {[%emt 0:00:18]} Be7 {[%emt 0:01:13]} 11. Bd2 {[%emt 0:00:38]} c5 {[%emt 0:04:26]} 12. axb5 {[%emt 0:10:22]} axb5 {[%emt 0:00:30]} 13. Nc3 {[%emt 0:00:04]} Qb6 {[%emt 0:03:19]} 14. Bf4 {[%emt 0:06:49]} Rc8 {[%emt 0:01:06]} 15. Qb3 {[%emt 0:01:00]} Bc6 {[%emt 0:01:15]} 16. Nd2 {[%emt 0:01:01]} Bxg2 {[%emt 0:02:19]} 17. Kxg2 {[%emt 0:00:04]} Qc6+ {[%emt 0:00:08]} 18. e4 {[%emt 0:01:14]} e5 {[%emt 0:11:48]} 19. Bg5 {[%emt 0:02:18]} c4 {[%emt 0:01:31]} 20. Qxb5 {[%emt 0:11:50]} Qxb5 {[%emt 0:01:42]} 21. Nxb5 {[%emt 0:00:03]} cxd3 {[%emt 0:00:08]} 22. Ra7 {[%emt 0:00:09]} Bc5 {[%emt 0:02:25]} 23. Bxf6 {[%emt 0:08:50]} Nxf6 {[%emt 0:01:30]} 24. Rc1 {[%emt 0:00:46]} O-O {[%emt 0:01:14]} 25. Rb7 {[%emt 0:00:03]} h6 {[%emt 0:03:09]} 26. Rc4 {[%emt 0:06:27]} Rfd8 {[%emt 0:05:33]} 27. h3 {[%emt 0:03:59]} Bf8 {[%emt 0:02:31]} 28. Rxc8 {[%emt 0:07:41]} Rxc8 {[%emt 0:00:03]} 29. Nc3 {[%emt 0:00:11]} Bc5 {[%emt 0:05:15]} 30. Kf3 {[%emt 0:07:29]} Bd4 {[%emt 0:05:07]} 31. Rb3 {[%emt 0:00:40]} Nd7 {[%emt 0:01:05]} 32. Na4 {[%emt 0:11:15]} Ra8 {[%emt 0:04:11]} 33. Rb4 {[%emt 0:01:10]} Nf8 {[%emt 0:02:49]} 34. h4 {[%emt 0:04:24]} h5 {[%emt 0:02:44]} 35. Nb6 {[%emt 0:05:01]} Rb8 {[%emt 0:00:27]} 36. Nd5 {[%emt 0:00:43]} Rxb4 {[%emt 0:00:09]} 37. Nxb4 {[%emt 0:00:03]} Bxb2 {[%emt 0:00:06]} 1/2-1/2

[Event "Biel Master Tournament 2019"]
[Site "Biel"]
[Date "2019.07.23"]
[Round "2.16"]
[White "Sachdev, Tania"]
[Black "Moussard, Jules"]
[Result "0-1"]
[WhiteElo "2350"]
[BlackElo "2576"]
[Annotator "ChessBase"]
[PlyCount "50"]
[EventDate "2019.07.20"]
[EventType "swiss"]
[EventCountry "SUI"]
[SourceTitle "playchess.com"]
[Source "ChessBase"]
[SourceQuality "1"]
[TimeControl "40/5400+30:1800+30"]

1. d4 {[%emt 0:00:00]} f5 {[%emt 0:08:11]} 2. g3 {[%emt 0:00:00]} Nf6 {[%emt 0:00:26]} 3. Bg2 {[%emt 0:00:00]} g6 {[%emt 0:00:08]} 4. c4 {[%emt 0:00:39]} Bg7 {[%emt 0:00:24]} 5. Nf3 {[%emt 0:00:13]} O-O {[%emt 0:00:09]} 6. O-O {[%emt 0:00:52]} d6 {[%emt 0:00:04]} 7. b3 {[%emt 0:00:15]} e5 {[%emt 0:17:28]} 8. dxe5 {[%emt 0:28:57]} dxe5 {[%emt 0:02:45]} 9. Bb2 {[%emt 0:02:12]} e4 {[%emt 0:01:20]} 10. Ng5 {[%emt 0:02:29]} Qe7 {[%emt 0:02:22]} 11. Nc3 {[%emt 0:04:41]} Rd8 {[%emt 0:03:57]} 12. Qc1 {[%emt 0:02:57]} Nc6 {[%emt 0:03:41]} 13. Nh3 {[%emt 0:03:31]} Nd4 {[%emt 0:02:57]} 14. Rd1 {[%emt 0:18:23]} Be6 {[%emt 0:07:38]} 15. Nf4 {[%emt 0:04:27]} c6 {[%emt 0:01:08]} 16. Ba3 {[%emt 0:08:56]} Qf7 {[%emt 0:04:04]} 17. Bc5 {[%emt 0:03:33]} Ne8 {[%emt 0:01:43]} 18. f3 {[%emt 0:09:21]} g5 {[%emt 0:07:22]} 19. Nh3 {[%emt 0:04:51]} h6 {[%emt 0:00:24]} 20. Nf2 {[%emt 0:02:30]} e3 {[%emt 0:03:35]} 21. Nd3 {[%emt 0:00:21]} f4 {[%emt 0:00:19]} 22. Ba3 {[%emt 0:00:38]} Bf5 {[%emt 0:01:52]} 23. Bf1 {[%emt 0:00:33]} Qg6 {[%emt 0:07:06]} 24. Kg2 {[%emt 0:01:05]} Nxf3 {[%emt 0:01:03]} 25. exf3 {[%emt 0:00:08]} Bxd3 {[%emt 0:00:07]} 0-1

[Event "Biel Master Tournament 2019"]
[Site "Biel"]
[Date "2019.07.23"]
[Round "2.17"]
[White "Brkic, Ante"]
[Black "Loeffler, Markus"]
[Result "1-0"]
[WhiteElo "2573"]
[BlackElo "2339"]
[Annotator "HL"]
[PlyCount "87"]
[EventDate "2019.07.20"]
[EventType "swiss"]
[EventCountry "SUI"]
[TimeControl "40/5400+30:1800+30"]

1. e4 {[%emt 0:07:11]} c5 {[%emt 0:06:46]} 2. Nf3 {[%emt 0:00:00]} d6 {[%emt 0:00:04]} 3. Bb5+ {[%emt 0:00:00]} Nd7 {[%emt 0:00:13]} 4. a4 {[%emt 0:00:00]} a6 {[%emt 0:01:07]} 5. Be2 {[%emt 0:00:00]} Ngf6 {[%emt 0:02:27]} 6. Nc3 {[%emt 0:00:00]} e5 {[%emt 0:06:30]} 7. Bc4 {[%emt 0:00:00]} Be7 {[%emt 0:15:39]} 8. d3 {[%emt 0:00:00]} O-O {[%emt 0:03:20]} 9. O-O {[%emt 0:05:58]} b6 10. Nh4 {[%emt 0:07:57]} g6 {[%emt 0:22:16]} 11. Bh6 {[%emt 0:23:14]} Re8 12. f4 {[%emt 0:00:00]} exf4 13. Bxf4 {[%emt 0:17:46]} Ne5 {[%emt 0:31:07]} 14. Bxe5 {[%emt 0:03:07]} dxe5 {[%emt 0:00:00]} 15. Nf3 {[%emt 0:00:10]} Bf8 {[%emt 0:14:08]} 16. Ng5 {[%emt 0:00:29]} Ra7 {[%emt 0:02:52]} 17. Qf3 {[%emt 0:09:40]} Kg7 {[%emt 0:00:00]} 18. Rf2 {[%emt 0:15:44]} h6 19. Raf1 {[%emt 0:05:25]} hxg5 {[%emt 0:00:00]} 20. Qxf6+ Qxf6 21. Rxf6 Be6 22. h3 Bd6 23. Kh2 Ree7 24. Kg3 Bc7 25. Bxe6 fxe6 26. Rf8 Rd7 27. Re8 Rf7 28. Rxf7+ Kxf7 29. Rc8 Ke7 30. Rh8 Kf6 31. Rh7 Bb8 32. Rxa7 Bxa7 33. Kg4 Bb8 34. Nb1 b5 35. axb5 axb5 36. Na3 b4 37. Nc4 Bc7 38. Nd2 Ba5 39. Nf3 b3 40. c3 c4 41. dxc4 Bb6 42. Nd2 Be3 43. Nxb3 Ke7 {[%emt 0:21:17]} 44. Kf3 {[%emt 0:37:07]} 1-0

[Event "Biel Master Tournament 2019"]
[Site "Biel"]
[Date "2019.07.23"]
[Round "2.18"]
[White "Akash, Ganesan"]
[Black "Santos Ruiz, Miguel"]
[Result "0-1"]
[WhiteElo "2394"]
[BlackElo "2567"]
[Annotator "ChessBase"]
[PlyCount "100"]
[EventDate "2019.07.20"]
[EventType "swiss"]
[EventCountry "SUI"]
[SourceTitle "playchess.com"]
[Source "ChessBase"]
[SourceQuality "1"]
[TimeControl "40/5400+30:1800+30"]

1. e4 {[%emt 0:00:00]} c5 {[%emt 0:01:11]} 2. Nf3 {[%emt 0:00:00]} d6 {[%emt 0:00:07]} 3. d4 {[%emt 0:00:02]} cxd4 {[%emt 0:00:06]} 4. Nxd4 {[%emt 0:00:06]} Nf6 {[%emt 0:00:03]} 5. Nc3 {[%emt 0:00:09]} a6 {[%emt 0:00:05]} 6. h3 {[%emt 0:00:21]} b5 {[%emt 0:00:05]} 7. Nd5 {[%emt 0:01:44]} e6 {[%emt 0:09:43]} 8. Nxf6+ {[%emt 0:00:18]} Qxf6 {[%emt 0:00:03]} 9. g3 {[%emt 0:01:33]} Bb7 {[%emt 0:09:06]} 10. Bg2 {[%emt 0:00:17]} Qd8 {[%emt 0:00:31]} 11. O-O {[%emt 0:03:36]} Be7 {[%emt 0:00:50]} 12. a4 {[%emt 0:00:47]} bxa4 {[%emt 0:02:33]} 13. Rxa4 {[%emt 0:00:59]} O-O {[%emt 0:03:30]} 14. Qe2 {[%emt 0:07:31]} Nd7 {[%emt 0:19:02]} 15. Nb3 {[%emt 0:04:16]} a5 {[%emt 0:01:41]} 16. Rd1 {[%emt 0:12:03]} Qc7 {[%emt 0:08:29]} 17. Qc4 {[%emt 0:09:41]} Rfc8 {[%emt 0:18:03]} 18. Qxc7 {[%emt 0:03:51]} Rxc7 {[%emt 0:00:03]} 19. Bd2 {[%emt 0:14:18]} Rxc2 {[%emt 0:05:32]} 20. Bc3 {[%emt 0:00:31]} Nc5 {[%emt 0:00:24]} 21. Nxc5 {[%emt 0:02:08]} dxc5 {[%emt 0:00:04]} 22. e5 {[%emt 0:10:35]} Bxg2 {[%emt 0:00:09]} 23. Kxg2 {[%emt 0:00:21]} Kf8 {[%emt 0:08:54]} 24. Rd7 {[%emt 0:02:44]} Rc1 {[%emt 0:01:51]} 25. Rb7 {[%emt 0:05:06]} Ke8 {[%emt 0:00:34]} 26. g4 {[%emt 0:05:13]} Rd1 {[%emt 0:02:24]} 27. Rxa5 {[%emt 0:02:10]} Rxa5 {[%emt 0:00:10]} 28. Bxa5 {[%emt 0:00:06]} Bd8 {[%emt 0:02:38]} 29. Rb8 {[%emt 0:01:56]} Ke7 {[%emt 0:00:09]} 30. Bc3 {[%emt 0:01:01]} g6 {[%emt 0:01:27]} 31. Rb5 {[%emt 0:04:26]} Rd5 {[%emt 0:00:08]} 32. Kf3 {[%emt 0:00:37]} Bc7 {[%emt 0:00:40]} 33. Rb7 {[%emt 0:02:16]} Kd8 {[%emt 0:00:11]} 34. Ra7 {[%emt 0:04:19]} Kc8 {[%emt 0:00:06]} 35. Ke4 {[%emt 0:00:31]} Rd1 {[%emt 0:02:57]} 36. Ra8+ {[%emt 0:00:15]} Bb8 {[%emt 0:00:15]} 37. Ra5 {[%emt 0:00:38]} Rh1 {[%emt 0:00:24]} 38. Rxc5+ {[%emt 0:00:48]} Kd7 {[%emt 0:00:03]} 39. Rb5 {[%emt 0:01:31]} Bc7 {[%emt 0:00:24]} 40. Bd2 {[%emt 0:00:41]} Rxh3 {[%emt 0:00:18]} 41. Be3 {[%emt 0:12:09]} Rh4 {[%emt 0:03:24]} 42. f3 {[%emt 0:01:24]} h5 {[%emt 0:00:12]} 43. Bg5 {[%emt 0:02:43]} Rh1 {[%emt 0:00:22]} 44. gxh5 {[%emt 0:01:07]} Re1+ {[%emt 0:02:55]} 45. Be3 {[%emt 0:04:21]} gxh5 {[%emt 0:03:02]} 46. Kd3 {[%emt 0:05:45]} h4 {[%emt 0:00:12]} 47. Rb4 {[%emt 0:00:26]} Rh1 {[%emt 0:04:52]} 48. Rd4+ {[%emt 0:02:32]} Ke8 {[%emt 0:00:40]} 49. f4 {[%emt 0:03:11]} h3 {[%emt 0:00:55]} 50. Ke4 {[%emt 0:00:35]} Re1 {[%emt 0:00:34]} 0-1

[Event "Biel Master Tournament 2019"]
[Site "Biel"]
[Date "2019.07.23"]
[Round "2.19"]
[White "Aryan, Chopra"]
[Black "Wong, Jianwen"]
[Result "1/2-1/2"]
[WhiteElo "2553"]
[BlackElo "2301"]
[Annotator "ChessBase"]
[PlyCount "123"]
[EventDate "2019.07.20"]
[EventType "swiss"]
[EventCountry "SUI"]
[SourceTitle "playchess.com"]
[Source "ChessBase"]
[SourceQuality "1"]
[TimeControl "40/5400+30:1800+30"]

1. e4 {[%emt 0:00:00]} c5 {[%emt 0:00:00]} 2. Nf3 {[%emt 0:00:00]} Nc6 {[%emt 0:00:00]} 3. d4 {[%emt 0:00:00]} cxd4 {[%emt 0:00:00]} 4. Nxd4 {[%emt 0:00:00]} Nf6 {[%emt 0:00:00]} 5. Nc3 {[%emt 0:00:00]} e5 {[%emt 0:00:00]} 6. Ndb5 {[%emt 0:00:00]} d6 {[%emt 0:00:00]} 7. Bg5 {[%emt 0:00:04]} a6 {[%emt 0:00:00]} 8. Na3 {[%emt 0:00:04]} b5 {[%emt 0:00:01]} 9. Bxf6 {[%emt 0:00:15]} gxf6 {[%emt 0:00:05]} 10. Nd5 {[%emt 0:00:04]} Bg7 {[%emt 0:00:09]} 11. Bd3 {[%emt 0:00:09]} Ne7 {[%emt 0:00:07]} 12. Nxe7 {[%emt 0:00:11]} Qxe7 {[%emt 0:00:05]} 13. c4 {[%emt 0:00:15]} f5 {[%emt 0:00:28]} 14. O-O {[%emt 0:00:12]} O-O {[%emt 0:00:06]} 15. Qf3 {[%emt 0:00:11]} Qb7 {[%emt 0:00:19]} 16. exf5 {[%emt 0:00:40]} Qxf3 {[%emt 0:00:15]} 17. gxf3 {[%emt 0:00:04]} e4 {[%emt 0:00:06]} 18. Bxe4 {[%emt 0:00:12]} d5 {[%emt 0:00:05]} 19. Bxd5 {[%emt 0:00:16]} Bxf5 {[%emt 0:02:26]} 20. Bxa8 {[%emt 0:00:48]} Rxa8 {[%emt 0:00:24]} 21. Rae1 {[%emt 0:01:29]} Bd3 {[%emt 0:04:31]} 22. b3 {[%emt 0:01:21]} Bf8 {[%emt 0:05:56]} 23. c5 {[%emt 0:04:03]} Rc8 {[%emt 0:06:56]} 24. b4 {[%emt 0:04:11]} a5 {[%emt 0:01:56]} 25. Rc1 {[%emt 0:04:13]} axb4 {[%emt 0:07:16]} 26. Rfd1 {[%emt 0:00:43]} Bh6 {[%emt 0:06:38]} 27. Rxd3 {[%emt 0:03:43]} Bxc1 {[%emt 0:00:14]} 28. Nc2 {[%emt 0:01:35]} Rxc5 {[%emt 0:02:29]} 29. Nxb4 {[%emt 0:00:05]} Rc4 {[%emt 0:09:09]} 30. Rb3 {[%emt 0:07:56]} Ba3 {[%emt 0:07:37]} 31. Nd5 {[%emt 0:22:09]} b4 {[%emt 0:06:00]} 32. Re3 {[%emt 0:01:20]} Rc2 {[%emt 0:03:19]} 33. Re8+ {[%emt 0:03:25]} Kg7 {[%emt 0:00:13]} 34. Ra8 {[%emt 0:00:29]} Rd2 {[%emt 0:09:32]} 35. Ra5 {[%emt 0:00:42]} Kf8 {[%emt 0:08:21]} 36. Ra8+ {[%emt 0:15:24]} Kg7 {[%emt 0:00:20]} 37. Ra5 {[%emt 0:00:07]} Kf8 {[%emt 0:00:02]} 38. Rb5 {[%emt 0:11:29]} Kg7 {[%emt 0:00:52]} 39. f4 {[%emt 0:02:36]} Rxa2 {[%emt 0:05:27]} 40. Nxb4 {[%emt 0:00:33]} Bxb4 {[%emt 0:00:13]} 41. Rxb4 {[%emt 0:30:04]} Kg6 {[%emt 0:30:27]} 42. Kg2 {[%emt 0:00:26]} Ra3 {[%emt 0:00:11]} 43. f3 {[%emt 0:00:53]} Ra2+ {[%emt 0:01:10]} 44. Kg3 {[%emt 0:00:05]} Ra1 {[%emt 0:01:39]} 45. Rb6+ {[%emt 0:01:59]} f6 {[%emt 0:05:11]} 46. Rb7 {[%emt 0:00:10]} h6 {[%emt 0:03:51]} 47. Rb5 {[%emt 0:01:28]} f5 {[%emt 0:04:50]} 48. Rb6+ {[%emt 0:04:10]} Kg7 {[%emt 0:00:11]} 49. h4 {[%emt 0:01:44]} h5 {[%emt 0:00:18]} 50. Kf2 {[%emt 0:00:18]} Ra3 {[%emt 0:01:57]} 51. Rb1 {[%emt 0:01:03]} Kf6 {[%emt 0:01:40]} 52. Rb6+ {[%emt 0:00:11]} Kg7 {[%emt 0:00:11]} 53. Ke2 {[%emt 0:00:56]} Rc3 {[%emt 0:01:54]} 54. Rd6 {[%emt 0:00:58]} Ra3 {[%emt 0:00:00]} 55. Rd3 {[%emt 0:00:00]} Ra1 {[%emt 0:00:00]} 56. Rd7+ {[%emt 0:00:00]} Kg6 {[%emt 0:00:00]} 57. Rd6+ {[%emt 0:00:00]} Kg7 {[%emt 0:00:00]} 58. Ke3 {[%emt 0:00:00]} Ra4 {[%emt 0:00:00]} 59. Rd4 {[%emt 0:00:00]} Ra3+ {[%emt 0:00:00]} 60. Rd3 {[%emt 0:00:00]} Ra4 {[%emt 0:00:00]} 61. Rd4 {[%emt 0:00:00]} Ra3+ {[%emt 0:00:00]} 62. Rd3 {[%emt 0:00:00]} 1/2-1/2

[Event "Biel Master Tournament 2019"]
[Site "Biel"]
[Date "2019.07.23"]
[Round "2.20"]
[White "Omar, Noaman"]
[Black "Puranik, Abhimanyu"]
[Result "0-1"]
[WhiteElo "2369"]
[BlackElo "2550"]
[Annotator "ChessBase"]
[PlyCount "146"]
[EventDate "2019.07.20"]
[EventType "swiss"]
[EventCountry "SUI"]
[SourceTitle "playchess.com"]
[Source "ChessBase"]
[SourceQuality "1"]
[TimeControl "40/5400+30:1800+30"]

1. d4 {[%emt 0:05:43]} Nf6 {[%emt 0:00:00]} 2. c4 {[%emt 0:00:56]} g6 {[%emt 0:00:00]} 3. Nc3 {[%emt 0:00:24]} d5 {[%emt 0:00:03]} 4. cxd5 {[%emt 0:04:46]} Nxd5 {[%emt 0:00:07]} 5. e4 {[%emt 0:00:32]} Nxc3 {[%emt 0:00:11]} 6. bxc3 {[%emt 0:00:03]} Bg7 {[%emt 0:00:13]} 7. Qa4+ {[%emt 0:03:46]} Nd7 {[%emt 0:00:29]} 8. Nf3 {[%emt 0:00:31]} c5 {[%emt 0:00:43]} 9. Be2 {[%emt 0:01:23]} O-O {[%emt 0:00:24]} 10. O-O {[%emt 0:00:22]} Nf6 {[%emt 0:00:18]} 11. d5 {[%emt 0:01:53]} e6 {[%emt 0:04:09]} 12. Bg5 {[%emt 0:14:43]} Qe8 {[%emt 0:21:04]} 13. Qxe8 {[%emt 0:20:54]} Rxe8 {[%emt 0:00:05]} 14. Bxf6 {[%emt 0:01:58]} Bxf6 {[%emt 0:00:06]} 15. e5 {[%emt 0:01:55]} Bg7 {[%emt 0:11:23]} 16. d6 {[%emt 0:20:02]} Rd8 {[%emt 0:02:51]} 17. a4 {[%emt 0:02:50]} b6 {[%emt 0:03:13]} 18. a5 {[%emt 0:00:25]} Bb7 {[%emt 0:01:07]} 19. axb6 {[%emt 0:00:18]} axb6 {[%emt 0:00:05]} 20. Rab1 {[%emt 0:00:24]} Ra3 {[%emt 0:03:09]} 21. Rxb6 {[%emt 0:00:52]} Bxf3 {[%emt 0:00:24]} 22. Bxf3 {[%emt 0:00:54]} Rxc3 {[%emt 0:07:39]} 23. Rd1 {[%emt 0:09:38]} Bxe5 {[%emt 0:00:26]} 24. h4 {[%emt 0:00:59]} h5 {[%emt 0:01:23]} 25. Be2 {[%emt 0:02:01]} Kf8 {[%emt 0:02:34]} 26. Kf1 {[%emt 0:01:01]} Rc2 {[%emt 0:01:19]} 27. Rc6 {[%emt 0:00:39]} Rc3 {[%emt 0:02:31]} 28. g3 {[%emt 0:01:33]} Kg7 {[%emt 0:01:29]} 29. Rd2 {[%emt 0:01:21]} Kf6 {[%emt 0:00:43]} 30. Kg2 {[%emt 0:01:09]} Bd4 {[%emt 0:04:00]} 31. Ra2 {[%emt 0:00:19]} Ke5 {[%emt 0:11:24]} 32. Bf3 {[%emt 0:00:41]} Rb3 {[%emt 0:00:46]} 33. Re2+ {[%emt 0:00:41]} Kf6 {[%emt 0:00:04]} 34. Ra2 {[%emt 0:00:30]} Rbb8 {[%emt 0:03:19]} 35. Be2 {[%emt 0:00:41]} Rd7 {[%emt 0:00:38]} 36. Ra3 {[%emt 0:00:40]} Rb2 {[%emt 0:06:52]} 37. Rf3+ {[%emt 0:00:15]} Ke5 {[%emt 0:00:34]} 38. Kf1 {[%emt 0:00:45]} Ra7 {[%emt 0:03:21]} 39. Bc4 {[%emt 0:00:31]} Rc2 {[%emt 0:03:18]} 40. Bb3 {[%emt 0:00:28]} Rb2 {[%emt 0:03:16]} 41. Bc4 {[%emt 0:08:01]} Rb4 {[%emt 0:01:45]} 42. Bb3 {[%emt 0:03:48]} Rbb7 {[%emt 0:00:56]} 43. Rd3 {[%emt 0:01:12]} Rd7 {[%emt 0:01:00]} 44. Rd2 {[%emt 0:00:45]} Ra8 {[%emt 0:02:03]} 45. Ra2 {[%emt 0:10:10]} Rad8 {[%emt 0:04:55]} 46. Raa6 {[%emt 0:00:20]} Rb7 {[%emt 0:04:57]} 47. Bc4 {[%emt 0:01:40]} Rb1+ {[%emt 0:01:24]} 48. Kg2 {[%emt 0:00:03]} Rb2 {[%emt 0:00:08]} 49. Ra2 {[%emt 0:00:09]} Rb4 {[%emt 0:00:23]} 50. Re2+ {[%emt 0:02:23]} Kf6 {[%emt 0:00:06]} 51. Rc2 {[%emt 0:00:14]} Ra4 {[%emt 0:00:55]} 52. Ba6 {[%emt 0:02:44]} g5 {[%emt 0:02:50]} 53. hxg5+ {[%emt 0:00:18]} Kxg5 {[%emt 0:00:03]} 54. Bb5 {[%emt 0:01:32]} Rb4 {[%emt 0:00:50]} 55. R6xc5+ {[%emt 0:00:35]} Bxc5 {[%emt 0:00:13]} 56. Rxc5+ {[%emt 0:00:02]} Kf6 {[%emt 0:00:12]} 57. d7 {[%emt 0:00:17]} h4 {[%emt 0:00:16]} 58. gxh4 {[%emt 0:01:25]} Rxh4 {[%emt 0:00:08]} 59. Rc7 {[%emt 0:02:09]} Ke7 {[%emt 0:01:17]} 60. Ra7 {[%emt 0:00:41]} Rb4 {[%emt 0:01:15]} 61. Bc6 {[%emt 0:01:16]} Rb2 {[%emt 0:01:33]} 62. Kf3 {[%emt 0:00:17]} Kd6 {[%emt 0:00:34]} 63. Ba4 {[%emt 0:01:26]} Ra2 {[%emt 0:00:06]} 64. Kg3 {[%emt 0:00:17]} Ra3+ {[%emt 0:00:40]} 65. f3 {[%emt 0:00:08]} e5 {[%emt 0:00:32]} 66. Ra6+ {[%emt 0:00:15]} Kc7 {[%emt 0:00:55]} 67. Rc6+ {[%emt 0:00:19]} Kxd7 {[%emt 0:00:10]} 68. Rc4+ {[%emt 0:00:41]} Ke7 {[%emt 0:00:14]} 69. Bc2 {[%emt 0:00:26]} Rd4 {[%emt 0:01:00]} 70. Rc5 {[%emt 0:00:17]} Kd6 {[%emt 0:00:19]} 71. Rc8 {[%emt 0:00:12]} e4 {[%emt 0:01:54]} 72. Rd8+ {[%emt 0:00:03]} Kc5 {[%emt 0:00:07]} 73. Rc8+ {[%emt 0:00:42]} Kb6 {[%emt 0:00:07]} 0-1

[Event "Biel Master Tournament 2019"]
[Site "Biel"]
[Date "2019.07.24"]
[Round "3.1"]
[White "Antipov, Mikhail Al."]
[Black "Xiong, Jeffery"]
[Result "1/2-1/2"]
[WhiteElo "2582"]
[BlackElo "2691"]
[Annotator "TA"]
[PlyCount "79"]
[EventDate "2019.07.20"]
[EventType "swiss"]
[EventCountry "SUI"]
[SourceTitle "playchess.com"]
[Source "ChessBase"]
[SourceQuality "1"]

{[%evp 17,79,23,14,16,20,16,25,8,10,18,34,29,39,35,33,37,41,34,68,70,89,89,88,68,69,22,129,125,194,0,0,0,0,0,0,-4,-7,-8,0,0,0,-9,-2,-3,-6,-108,-29,-177,-44,-80,-80,-199,-199,-185,0,0,0,0,0,0,0,0,0,0]} 1. e4 c5 2. Nf3 Nc6 3. Bb5 g6 4. Bxc6 dxc6 5. d3 Bg7 6. Nc3 Nf6 7. Be3 b6 8. h3 O-O 9. Qd2 e5 10. Bh6 {B31: Sicilian: 2...Nc6 3 Bb5 g6} Qd6 11. Bxg7 Kxg7 12. b3 {White has an edge.} (12. a4 Ne8 13. Nh2 Nc7 14. Ng4 f6 15. f3 Ne6 16. h4 Nd4 17. h5 g5 {½-½ (54) Anand,V (2768)-Carlsen,M (2842) Saint Louis 2018}) 12... a5 $146 ({Predecessor:} 12... Ne8 13. Nd1 Nc7 14. Ne3 f6 15. h4 Nb5 16. h5 g5 17. h6+ Kh8 {½-½ (28) Warakomski,T (2510)-Petrov,M (2466) Crete 2018}) 13. a4 Ra7 14. Ne2 Rd8 15. Qc3 Re7 16. Nd2 Ba6 17. O-O Nd7 18. f4 f6 19. f5 g5 20. g4 Rh8 21. h4 h5 (21... gxh4 $11 22. Kh2 h5) 22. hxg5 $16 hxg4 (22... fxg5 $16 23. Ng3 Nf6) 23. Kg2 $2 (23. g6 $18) 23... fxg5 $11 24. f6+ Nxf6 25. Ng3 $1 {[%cal Rg3f5]} Kg6 26. Nf5 $132 {[%mdl 2112] Double Attack. White puts up resistance} Qe6 {And now ...Reh7 would win.} 27. Nxe7+ Qxe7 28. Rf5 {Raf1 is the strong threat.} Nh5 {aiming for ...Nf4+.} 29. Rh1 $1 (29. Qxe5 Qxe5 30. Rxe5 Nf4+ 31. Kg1 Rh3) 29... Nf4+ 30. Rxf4 $1 Rxh1 31. Rxg4 (31. Rf5 $1 $11 {keeps the balance.} Rc1 32. Nc4 Bxc4 33. bxc4) 31... Bc8 ({Much worse is} 31... Qh7 $6 32. Rxg5+ $1 {[%mdl 512]} Kxg5 33. Qxe5+ Kg6 34. Qe6+ Kg7 35. Qe7+ Kg8 36. Qe6+ Kf8 37. Qf6+ Ke8 38. Qxc6+ Kf8 39. Qd6+ Kg8 40. Qe6+ Kh8 41. Qf6+ Kg8 42. Qe6+ Kg7 43. Qe7+ Kg8 44. Qe6+ $11) (31... Rh5 $1 $17 {Strongly threatening ...Bc8.} 32. Nf3 Bc8 33. Nxe5+ {[%mdl 64] Double Attack} Kh7) 32. Nf3 (32. Kxh1 $11 Bxg4 33. Nc4 {[%mdl 64] Double Attack}) 32... Bxg4 (32... Rh5 $19 33. Nxe5+ {[%mdl 64] Double Attack} Kh7) 33. Nxe5+ $15 {[%mdl 64] [#] Double Attack} Kh5 $1 34. Nxg4 $17 {[%mdl 4096] Endgame KQR-KQN} (34. Kxh1 $17 {was the only defense.} Qf6 35. Kg2) 34... Rh4 $19 ({Weaker is} 34... Kxg4 35. Kxh1 Qf7 36. Kg1 $11) 35. Ne3 Qf8 $2 ({Black should play} 35... Qd6 $19 {( -> ...Rh2+)} 36. Qh8+ Kg6 37. Qg8+ Kf6 38. e5+ Qxe5 39. Qf8+ Kg6 40. Qg8+ Kh6 41. Qf8+ Kh7 42. Qf7+ Qg7 43. Qf5+ Kg8 44. Qc8+ Qf8 45. Qxc6 Kh8) 36. Qe5 $11 {The position is equal.} Rf4 37. Nf5 Kg4 38. Ne3+ Kh5 {With the idea ...Rf2+.} 39. Nf5 Kg4 40. Ne3+ {Accuracy: White = 62%, Black = 42%.} 1/2-1/2

[Event "Biel Master Tournament 2019"]
[Site "Biel"]
[Date "2019.07.24"]
[Round "3.2"]
[White "Nabaty, Tamir"]
[Black "Brkic, Ante"]
[Result "0-1"]
[WhiteElo "2678"]
[BlackElo "2573"]
[Annotator "TA"]
[PlyCount "38"]
[EventDate "2019.07.20"]
[EventType "swiss"]
[EventCountry "SUI"]
[SourceTitle "playchess.com"]
[Source "ChessBase"]
[SourceQuality "1"]

{[%evp 9,118,9,9,9,15,13,8,18,20,11,24,20,47,0,0,0,0,6,9,1,0,15,0,-142,-142,-136,-146,-232,-218,-217,-221,-222,-220,-216,-218,-218,-195,-337,-310,-400,-400,-419,-442,-425,-418,-419,-431,-419,-432,-416,-430,-428,-349,-382,-367,-361,-356,-408,-403,-392,-304,-402,-362,-387,-383,-485,-363,-415,0,-363,-370,-512,-491,-512,-512,-512,-499,-486,-486,-430,-425,-736,-804,-785,-684,-541,-541,-1579,-1541,-1570,-1182,-1490,-1482,-29965,-29962,-29971,-29972,-29974,-29975,-29975,-29976,-29976,-29977,-29977,-29978,-29978,-29979,-29981,-29982,-29982,-29983]} 1. d4 Nf6 2. Nf3 d5 3. a3 (3. c4 e6 4. Nc3 c6 5. e3 Nbd7 6. Bd3 dxc4 7. Bxc4 b5 8. Bd3 a6 9. e4 c5 10. e5 cxd4 11. Nxb5 axb5 12. exf6 gxf6 13. O-O Qb6 14. Qe2 b4 15. Bf4 h5 16. Rfc1 Bc5 17. a4 bxa3 18. bxa3 Ba6 19. Rab1 Bxd3 20. Qxd3 Rxa3 21. Qxa3 Bxa3 22. Rxb6 Bxc1 {1-0 (45) Navara,D (2739)-Ding,L (2812) Shamkir 2019}) 3... g6 4. c4 c6 5. cxd5 cxd5 6. Nc3 {D02: 1 d4 d5 2 Nf3 sidelines, including 2...Nf6 3 g3 and 2...Nf6 3 Bf4} Bg7 7. Bf4 $146 ({Predecessor:} 7. g3 O-O 8. Bg2 Nc6 9. O-O a6 10. Ne5 Qd6 11. Bf4 Qe6 12. e4 Nxe4 13. Nxe4 Nxe5 14. Nc5 Qd6 15. Rc1 b6 16. dxe5 Bxe5 17. Bxe5 Qxe5 {1-0 (44) Jensen,J-Hansen,E Copenhagen 1999}) 7... O-O 8. e3 {The position is equal.} Nc6 9. Bd3 Bg4 10. O-O Re8 11. Bg5 (11. h3 $5 {[%cal Rh3g4]} Bxf3 12. Qxf3 $11 (12. gxf3 e5 $11)) 11... h6 {Threatens to win with ...Bxf3.} 12. Bxf6 Bxf6 13. Qb3 Bxf3 14. gxf3 e5 15. Nxd5 Bg7 16. Qxb7 (16. dxe5 $11 Na5 17. Qa2 Rxe5 18. Nf4) 16... Na5 $1 $36 {[%cal Ra5b7][%mdl 2048] White is under strong pressure.} 17. Qa6 {[#]} Re6 $1 {[%cal Re6a6]} ({Much worse is} 17... Nb3 $6 18. Rad1 $11) 18. Qb5 (18. Ne7+ $17 Rxe7 19. b4) 18... Rb8 $19 {[%cal Ba8b8,Bb8b2,Bb2d2][%mdl 32]} 19. Qc5 Rc8 {Played: Na5-b3} 0-1